[Event "Excelsior January U1600"]
[Site "Toronto CAN"]
[Date "2023.01.08"]
[Round "5.18"]
[White "Sreekumar Maliekal, Balakrishnan"]
[Black "Parakin, Don"]
[Result "1-0"]
[WhiteElo "1273"]
[BlackElo "1441"]
[PlyCount "85"]
[EventDate "2023.01.06"]
[EventType "swiss"]
[EventRounds "5"]
[EventCountry "CAN"]

1. d4 d5 2. c4 Nf6 3. Nf3 dxc4 4. g3 c6 5. Bg2 Bf5 6. Nbd2 b5 7. O-O Qc8 8. a4
Bh3 9. e4 Bxg2 10. Kxg2 e6 11. e5 Nd5 12. Ne4 Nd7 13. b3 c3 14. Nfg5 h6 15. Qh5
g6 16. Qh3 N7b6 17. Nf3 a5 18. Nh4 Qd7 19. Kg1 b4 20. Qg4 O-O-O 21. Qe2 Kb8 22.
Ng2 g5 23. Ne3 Be7 24. Nc4 Nxc4 25. Qxc4 Nb6 26. Qa6 Qa7 27. Qd3 Nd5 28. Be3
Nxe3 29. fxe3 c5 30. Rad1 cxd4 31. exd4 Rhf8 32. Kg2 Qb7 33. Kh3 Rd5 34. Kg4
Rfd8 35. Qf3 Rxd4 36. Rxd4 Rxd4 37. Qxf7 Rxe4+ 38. Kh5 Rxe5 39. Qe8+ Ka7 40.
Rf7 g4+ 41. Kxh6 Ka6 42. Rxe7 Qb6 43. Qc8+ 1-0

[Event "Excelsior January U1600"]
[Site "Toronto CAN"]
[Date "2023.01.08"]
[Round "5.19"]
[White "Garg, Shlok"]
[Black "Anish, Diganth"]
[Result "1-0"]
[WhiteElo "1273"]
[BlackElo "1016"]
[PlyCount "61"]
[EventDate "2023.01.06"]
[EventType "swiss"]
[EventRounds "5"]
[EventCountry "CAN"]

1. d4 d5 2. e3 Nf6 3. Bd3 Nc6 4. c3 Bd7 5. f4 e6 6. Nf3 Be7 7. Nbd2 O-O 8. Ne5
Bd6 9. O-O Re8 10. Ndf3 Ne4 11. Nxd7 Qxd7 12. Ne5 Bxe5 13. fxe5 Qe7 14. Bxe4
dxe4 15. Qg4 Rad8 16. Qxe4 Rd7 17. Bd2 Red8 18. Rf3 Na5 19. b3 c5 20. Rh3 h6
21. Qg4 Kh7 22. Rf1 cxd4 23. exd4 Qa3 24. b4 Qxa2 25. Qe4+ Kg8 26. Bxh6 gxh6
27. Rxh6 Kg7 28. Qh7+ Kf8 29. Qh8+ Ke7 30. Qf6+ Ke8 31. Rh8# 1-0

[Event "Excelsior January U1600"]
[Site "Toronto CAN"]
[Date "2023.01.08"]
[Round "5.20"]
[White "Sekaran, Adithya"]
[Black "Chen, Sam"]
[Result "0-1"]
[WhiteElo "957"]
[BlackElo "1449"]
[PlyCount "72"]
[EventDate "2023.01.06"]
[EventType "swiss"]
[EventRounds "5"]
[EventCountry "CAN"]

1. d4 d5 2. c4 c6 3. Nc3 Nf6 4. Bf4 e6 5. c5 Nbd7 6. e3 Be7 7. Nf3 O-O 8. Bd3
Nh5 9. Bg3 Nxg3 10. hxg3 h6 11. Qc2 Bf6 12. b4 Re8 13. O-O e5 14. Bf5 e4 15.
Nd2 Nf8 16. Bxc8 Rxc8 17. b5 b6 18. Nb3 Ne6 19. Rac1 bxc5 20. dxc5 Bxc3 21.
Qxc3 cxb5 22. Rfd1 Re7 23. Qd2 Rd7 24. c6 Rd6 25. Nd4 Nxd4 26. Qxd4 a6 27. a3
Rdxc6 28. Rxc6 Rxc6 29. Qxd5 Qxd5 30. Rxd5 Rc1+ 31. Kh2 Ra1 32. Rd8+ Kh7 33.
Rd4 Rxa3 34. Rxe4 a5 35. Re8 b4 36. Rb8 b3 0-1

[Event "Excelsior January U1600"]
[Site "Toronto CAN"]
[Date "2023.01.08"]
[Round "5.21"]
[White "Bi, William"]
[Black "Zhou, Felix"]
[Result "1-0"]
[WhiteElo "1257"]
[BlackElo "1388"]
[PlyCount "59"]
[EventDate "2023.01.06"]
[EventType "swiss"]
[EventRounds "5"]
[EventCountry "CAN"]

1. e4 e6 2. d4 d5 3. exd5 exd5 4. Bd3 Bd6 5. Nf3 Nf6 6. O-O O-O 7. Nbd2 Bg4 8.
c3 Nbd7 9. Qc2 c6 10. h3 Bh5 11. b3 Rc8 12. a4 c5 13. Ba3 Qc7 14. Rac1 Qb6 15.
Qb2 Bg6 16. Bxg6 hxg6 17. c4 cxd4 18. Bxd6 Qxd6 19. Qxd4 Qc5 20. cxd5 Qxd4 21.
Nxd4 Nxd5 22. Nb5 Nf4 23. Rxc8 Rxc8 24. Nxa7 Rc2 25. Nf3 Rb2 26. Rd1 Nc5 27.
Rd8+ Kh7 28. Ng5+ Kh6 29. Nxf7+ Kh5 30. Rh8# 1-0

[Event "Excelsior January U1600"]
[Site "Toronto CAN"]
[Date "2023.01.08"]
[Round "5.23"]
[White "Yang, Albert"]
[Black "Bakradze, Joshua"]
[Result "1-0"]
[WhiteElo "1228"]
[BlackElo "906"]
[PlyCount "65"]
[EventDate "2023.01.06"]
[EventType "swiss"]
[EventRounds "5"]
[EventCountry "CAN"]

1. Nf3 Nf6 2. g3 d5 3. Bg2 Nc6 4. d3 e5 5. O-O Bd6 6. Nbd2 O-O 7. e4 d4 8. h3
Be6 9. Ng5 Qd7 10. Nxe6 Qxe6 11. f4 exf4 12. gxf4 Bc5 13. Nf3 Nh5 14. Ng5 Qh6
15. f5 Ng3 16. Rf3 Qh5 17. Qe1 h6 18. Rxg3 hxg5 19. Rxg5 Qh7 20. Qg3 f6 21. Rg4
Bd6 22. Qf2 Qh5 23. Bd2 Ne5 24. Rh4 Qe8 25. Qxd4 Qb5 26. Be3 b6 27. Qc3 Kf7 28.
a4 Qe8 29. Qb3+ Ke7 30. Rh7 Rf7 31. Qe6+ Kd8 32. Qxe8+ Kxe8 33. a5 1-0

[Event "Excelsior January U1900"]
[Site "Toronto CAN"]
[Date "2023.01.06"]
[Round "1.10"]
[White "Zhong, April"]
[Black "Lakhani, Riyaan"]
[Result "0-1"]
[WhiteElo "1671"]
[BlackElo "1867"]
[PlyCount "82"]
[EventDate "2023.01.06"]
[EventType "swiss"]
[EventRounds "5"]
[EventCountry "CAN"]

1. d4 Nf6 2. c4 g6 3. Nc3 Bg7 4. e4 d6 5. f3 O-O 6. Be3 Nc6 7. Nge2 a6 8. Qd2
Rb8 9. Nc1 e5 10. d5 Nd4 11. Nb3 Nxb3 12. axb3 c5 13. dxc6 bxc6 14. Rd1 Qa5 15.
Qxd6 Rxb3 16. Qxc6 Rxb2 17. Rc1 Bd7 18. Qc5 Qxc5 19. Bxc5 Bh6 20. Rd1 Rc8 21.
Be7 Be3 22. Be2 Bd4 23. Nd5 Nxd5 24. exd5 Ba4 25. Rc1 Bc2 26. Bg5 a5 27. d6 Bf5
28. g4 Bd7 29. Bf6 a4 30. f4 a3 31. Bxe5 Bxe5 32. fxe5 Rc5 33. Bf3 Rxe5+ 34.
Kf1 a2 35. Ra1 Rc5 36. Bd5 Bxg4 37. Ke1 Rc8 38. h3 Bf5 39. Kd1 Rb1+ 40. Kd2
Rxh1 41. Rxh1 Bb1 0-1

[Event "Excelsior January U1900"]
[Site "Toronto CAN"]
[Date "2023.01.06"]
[Round "1.11"]
[White "Tran, Dennis"]
[Black "Deepak, Laksshana"]
[Result "0-1"]
[WhiteElo "1865"]
[BlackElo "1669"]
[PlyCount "113"]
[EventDate "2023.01.06"]
[EventType "swiss"]
[EventRounds "5"]
[EventCountry "CAN"]

1. e4 c5 2. Nf3 d6 3. d4 cxd4 4. Nxd4 Nf6 5. Nc3 a6 6. Be2 e5 7. Nb3 Be7 8. g4
h6 9. h4 Be6 10. Rg1 Nh7 11. h5 Ng5 12. Qd3 Nc6 13. Be3 b5 14. Nd5 Bxd5 15.
exd5 e4 16. Qc3 Ne5 17. Bxg5 Bxg5 18. Qd4 Nf3+ 19. Bxf3 exf3 20. Qe4+ Qe7 21.
Qxe7+ Kxe7 22. Rg3 Rhe8 23. Rxf3 Kf8+ 24. Kf1 Re5 25. Rg3 Rae8 26. Rd1 Bf6 27.
c3 Re2 28. Rd2 Re1+ 29. Kg2 Bh4 30. Rgd3 Bg5 31. Rd1 R1e2 32. Kg3 Rxb2 33. f4
Bf6 34. R1d2 Rb1 35. Rg2 Rh1 36. Rh2 Rxh2 37. Kxh2 Re2+ 38. Kg3 Rxa2 39. Nd2 a5
40. Ne4 Be7 41. g5 a4 42. Kg4 a3 43. Rd1 Rb2 44. Kf3 a2 45. Ra1 Ke8 46. Ke3 Kd7
47. gxh6 gxh6 48. Nd2 Bf6 49. Kd3 b4 50. Ne4 Bg7 51. f5 b3 52. f6 Bh8 53. Nd2
Bxf6 54. Nxb3 Rxb3 55. Rxa2 Rxc3+ 56. Ke4 Rh3 57. Ra7+ 0-1

[Event "Excelsior January U1900"]
[Site "Toronto CAN"]
[Date "2023.01.06"]
[Round "1.12"]
[White "Gao, Heye"]
[Black "Momic, Jovan"]
[Result "1-0"]
[WhiteElo "1649"]
[BlackElo "1816"]
[PlyCount "65"]
[EventDate "2023.01.06"]
[EventType "swiss"]
[EventRounds "5"]
[EventCountry "CAN"]

1. e4 c5 2. Nf3 d6 3. d4 cxd4 4. Nxd4 Nf6 5. Nc3 g6 6. Be3 Bg7 7. f3 O-O 8. Qd2
Nc6 9. O-O-O Qa5 10. g4 Nd7 11. Kb1 Nde5 12. Be2 Qb4 13. a3 Qa5 14. h4 Nxd4 15.
Bxd4 h6 16. Rhg1 Rb8 17. f4 Nc6 18. Bxg7 Kxg7 19. Qe3 b5 20. Na2 Be6 21. Nb4
Nxb4 22. Qc3+ f6 23. Qxb4 Qb6 24. f5 a5 25. Qd2 Bf7 26. g5 b4 27. gxh6+ Kh7 28.
a4 Qc6 29. b3 Qxe4 30. fxg6+ Kg8 31. gxf7+ Kxf7 32. Bh5+ Ke6 33. Rde1 1-0

[Event "Excelsior January U1900"]
[Site "Toronto CAN"]
[Date "2023.01.06"]
[Round "1.12"]
[White "Sirkovich, Daniel"]
[Black "Zhang, Daniel"]
[Result "0-1"]
[WhiteElo "1746"]
[BlackElo "1636"]
[PlyCount "104"]
[EventDate "2023.01.06"]
[EventType "swiss"]
[EventRounds "5"]
[EventCountry "CAN"]

1. e4 c5 2. Nf3 d6 3. d4 cxd4 4. Nxd4 Nf6 5. Nc3 a6 6. h3 e6 7. g4 b5 8. a3 Bb7
9. Bg2 Nfd7 10. O-O Nb6 11. Qe2 Be7 12. g5 Nc6 13. Nxc6 Bxc6 14. f4 e5 15. Nd5
Bxd5 16. exd5 exf4 17. Bxf4 O-O 18. Qh5 Qc7 19. Rae1 g6 20. Qh6 Rfe8 21. Be3
Bf8 22. Qh4 Bg7 23. Qf2 Nc4 24. Bd4 Ne5 25. Kh1 Rac8 26. Re2 Qd7 27. Kg1 Rc4
28. Kh1 Rec8 29. b3 R4c7 30. Bb6 Rb7 31. Bd4 Qd8 32. Qg3 a5 33. c3 a4 34. Rb2
axb3 35. Rxb3 Nc4 36. Bxg7 Kxg7 37. Rf6 Qe7 38. a4 bxa4 39. Rxb7 Qxb7 40. Rf1
a3 41. Qf2 Ne5 42. Qf6+ Kg8 43. Qxd6 Nc4 44. Qf4 a2 45. d6 Qd7 46. Ra1 Qb5 47.
Qf1 Qb2 48. Bd5 Nxd6 49. Rxa2 Qxc3 50. Ra8 Rxa8 51. Bxa8 Nf5 52. Bg2 Ng3+ 0-1

[Event "Excelsior January U1900"]
[Site "Toronto CAN"]
[Date "2023.01.06"]
[Round "1.13"]
[White "Xu, Leon"]
[Black "Ruchinskaya, Valerie"]
[Result "0-1"]
[WhiteElo "1635"]
[BlackElo "1688"]
[PlyCount "178"]
[EventDate "2023.01.06"]
[EventType "swiss"]
[EventRounds "5"]
[EventCountry "CAN"]

1. e4 e6 2. d4 d5 3. Bd3 Nf6 4. e5 Nfd7 5. f4 c5 6. c3 Nc6 7. Nf3 Qb6 8. Bc2 g6
9. a3 Qc7 10. O-O Nb6 11. Kh1 Be7 12. a4 Bd7 13. b3 a5 14. Ba3 c4 15. Bxe7 Nxe7
16. h3 cxb3 17. Bxb3 Nf5 18. Qe1 Nc4 19. Nh4 Nfe3 20. Rf3 Qb6 21. Bxc4 Nc2 22.
Qc1 Nxa1 23. Nd2 Rc8 24. Qxa1 dxc4 25. Ne4 Qb3 26. Nd6+ Ke7 27. f5 gxf5 28. Qc1
h6 29. Qf4 Rcg8 30. Rg3 Qd1+ 31. Kh2 Qh5 32. Re3 Qg5 33. Qf2 Bxa4 34. Nxc4 Bc6
35. Nxa5 Ra8 36. Nxc6+ bxc6 37. d5 f4 38. Rf3 Qxe5 39. dxc6 Rhc8 40. Qc2 Rxc6
41. Qh7 Qg5 42. Qe4 Rac8 43. Qb4+ Qc5 44. Qe4 Qf5 45. Qb4+ Qc5 46. Qe4 f5 47.
Qc2 Kf6 48. Qb1 Qe5 49. Qb7 R6c7 50. Qb4 Rxc3 51. Qb7 Qc7 52. Qb2 Kf7 53. Qe2
Rc2 54. Qa6 Qe7 55. Nxf5 exf5 56. Qxh6 Qf6 57. Qh7+ Ke6 58. Qa7 Qg6 59. Qa6+
Kf7 60. Qf1 R8c3 61. Rxc3 Rxc3 62. Qxf4 Rc6 63. Qe3 Qe6 64. Qg5 Qe5+ 65. Kh1
Rg6 66. Qd2 Kg7 67. Qb4 Qe2 68. Qd4+ Kh6 69. Qh4+ Qh5 70. Qd4 Kh7 71. Qd7+ Rg7
72. Qd3 Qg5 73. Qc2 Re7 74. Qd1 Rc7 75. Qd6 Rg7 76. Qc6 f4 77. Qe4+ Kh6 78.
Qc6+ Rg6 79. Qe4 Ra6 80. Qd4 Qf6 81. Qf2 Ra1+ 82. Kh2 Qg5 83. Qb6+ Kh5 84. g4+
fxg3+ 85. Kg2 Ra2+ 86. Kf3 Rf2+ 87. Ke4 Qg6+ 88. Qxg6+ Kxg6 89. Ke3 Rf8 0-1

[Event "Excelsior January U1900"]
[Site "Toronto CAN"]
[Date "2023.01.07"]
[Round "2.10"]
[White "Lakhani, Riyaan"]
[Black "Gao, Heye"]
[Result "1-0"]
[WhiteElo "1867"]
[BlackElo "1649"]
[PlyCount "129"]
[EventDate "2023.01.06"]
[EventType "swiss"]
[EventRounds "5"]
[EventCountry "CAN"]

1. d4 d5 2. c4 e6 3. Nf3 Nf6 4. Bg5 Be7 5. e3 c6 6. Qc2 Nbd7 7. a3 O-O 8. Nc3
h6 9. Bh4 Re8 10. Rd1 a6 11. Bd3 dxc4 12. Bxc4 b6 13. O-O Bb7 14. Rfe1 c5 15.
d5 exd5 16. Nxd5 Nxd5 17. Bxd5 Bxd5 18. Bxe7 Qxe7 19. Rxd5 Nf6 20. Rd3 Rad8 21.
Red1 Qe4 22. Qe2 Rxd3 23. Rxd3 Qc4 24. Qd1 Ne4 25. b3 Qe6 26. Nd2 Ng5 27. Nb1
Ne4 28. Nd2 Nxd2 29. Rxd2 Qe4 30. Rd6 Re6 31. Rd8+ Re8 32. Kf1 Qc6 33. Qd7 Qxd7
34. Rxd7 Kf8 35. Ra7 a5 36. Rb7 Re6 37. Ke2 Rd6 38. e4 f6 39. f4 a4 40. bxa4
Rd4 41. Kf3 Rxa4 42. Rxb6 Rxa3+ 43. Kg4 Re3 44. Kf5 g6+ 45. Kxg6 Rxe4 46. Rxf6+
Ke7 47. Rf7+ Ke8 48. Rf5 Re2 49. g4 Rxh2 50. Rxc5 Rh4 51. Kf5 Kf7 52. Rc7+ Kg8
53. Re7 Kf8 54. Re6 Kg7 55. Rb6 Kf7 56. Rg6 Kf8 57. Kf6 Rh1 58. f5 Rh2 59. Rg7
Ra2 60. Kg6 Ra6+ 61. f6 Rb6 62. Ra7 Rb8 63. Rh7 Kg8 64. f7+ Kf8 65. Rh8+ 1-0

[Event "Excelsior January U1900"]
[Site "Toronto CAN"]
[Date "2023.01.07"]
[Round "2.11"]
[White "Ruchinskaya, Valerie"]
[Black "Zhang, Daniel"]
[Result "1-0"]
[WhiteElo "1688"]
[BlackElo "1636"]
[PlyCount "155"]
[EventDate "2023.01.06"]
[EventType "swiss"]
[EventRounds "5"]
[EventCountry "CAN"]

1. d4 d5 2. c4 dxc4 3. e3 Nf6 4. Bxc4 e6 5. Nf3 c5 6. Nc3 a6 7. a4 Nc6 8. O-O
Be7 9. d5 exd5 10. Nxd5 Nxd5 11. Bxd5 Nb4 12. Bb3 Qc7 13. Qe2 O-O 14. Bd2 Bf6
15. Bc3 Bxc3 16. bxc3 Nc6 17. h3 Bd7 18. Rfd1 Rad8 19. Rd2 Na5 20. Bc2 c4 21.
Nd4 Nb3 22. Nxb3 cxb3 23. Bxb3 Qxc3 24. Rb1 Bf5 25. Rbb2 Qc1+ 26. Qd1 Qxd1+ 27.
Rxd1 Rxd1+ 28. Bxd1 Be4 29. a5 Rc8 30. Be2 Rc5 31. Bxa6 Rxa5 32. Bxb7 Bxb7 33.
Rxb7 g6 34. g4 h5 35. Kg2 h4 36. Kf3 Ra2 37. Rd7 Kg7 38. g5 Ra1 39. Kg4 Rg1+
40. Kxh4 Kf8 41. Rd4 Rg2 42. f3 Ke7 43. Rg4 Ra2 44. Re4+ Kf8 45. Kg3 Ra1 46. h4
Kg7 47. Rd4 Rg1+ 48. Kh2 Rf1 49. Kg2 Re1 50. e4 Re2+ 51. Kg3 Re1 52. Rd2 Rg1+
53. Rg2 Ra1 54. Rh2 Kh7 55. Kf4 Ra5 56. h5 gxh5 57. Rxh5+ Kg7 58. Rh2 Kg6 59.
Rh6+ Kg7 60. Rd6 Ra3 61. Kg4 Ra1 62. Kf5 Ra3 63. f4 Ra5+ 64. e5 Ra1 65. g6
fxg6+ 66. Rxg6+ Kf7 67. Rh6 Kg7 68. Rd6 Ra5 69. Rd7+ Kf8 70. Ke6 Ke8 71. f5
Ra6+ 72. Rd6 Ra7 73. f6 Ra8 74. Rb6 Kf8 75. Rb7 Ra6+ 76. Kf5 Ra5 77. Kg6 Ra8
78. Rh7 1-0

[Event "Excelsior January U1900"]
[Site "Toronto CAN"]
[Date "2023.01.07"]
[Round "2.12"]
[White "Deepak, Laksshana"]
[Black "Sreekumar, Gauri"]
[Result "1/2-1/2"]
[WhiteElo "1669"]
[BlackElo "1577"]
[PlyCount "118"]
[EventDate "2023.01.06"]
[EventType "swiss"]
[EventRounds "5"]
[EventCountry "CAN"]

1. e4 c5 2. Nf3 d6 3. d4 cxd4 4. Nxd4 Nf6 5. Nc3 g6 6. Be3 Bg7 7. f3 O-O 8. Qd2
Nc6 9. O-O-O Nxd4 10. Bxd4 Be6 11. h4 Qa5 12. Kb1 Rfc8 13. a3 Rab8 14. Qg5 Qxg5
15. hxg5 Nd7 16. Bxa7 Ra8 17. Bd4 Bxd4 18. Rxd4 Ra5 19. f4 Nb8 20. Rb4 Rc7 21.
Nb5 Rd7 22. Nd4 Nc6 23. Nxc6 bxc6 24. Bd3 Rc7 25. Rf1 c5 26. Rb8+ Rc8 27. Rb7
c4 28. Be2 c3 29. g4 Bc4 30. Bxc4 Rxc4 31. Rxe7 Kf8 32. Rd7 cxb2 33. Kxb2 Rb5+
34. Kc1 Rxe4 35. Rxd6 Ke7 36. Ra6 Rb7 37. Ra5 Re2 38. Kd1 Rg2 39. Re1+ Kd7 40.
Re2 Rxg4 41. Ra4 Rh4 42. Rae4 Kd6 43. Kd2 h6 44. gxh6 Rxh6 45. Kd3 Rh3+ 46.
R2e3 Rh2 47. Rd4+ Kc6 48. Rc4+ Kd6 49. Kc3 Rh1 50. Rd4+ Kc6 51. Re8 Rh3+ 52.
Rd3 Rxd3+ 53. cxd3 Ra7 54. Kb4 Rb7+ 55. Kc4 Ra7 56. Kb3 Rb7+ 57. Ka2 Rd7 58.
Rc8+ Kd6 59. Rc4 Ke6 1/2-1/2

[Event "Excelsior January U1900"]
[Site "Toronto CAN"]
[Date "2023.01.07"]
[Round "2.13"]
[White "Ugodnikov, Arkadiy"]
[Black "Tran, Dennis"]
[Result "0-1"]
[WhiteElo "1679"]
[BlackElo "1865"]
[PlyCount "92"]
[EventDate "2023.01.06"]
[EventType "swiss"]
[EventRounds "5"]
[EventCountry "CAN"]

1. e4 d5 2. exd5 Nf6 3. Bb5+ Bd7 4. Be2 Nxd5 5. d4 e6 6. Nf3 Be7 7. O-O O-O 8.
a3 Bd6 9. Re1 Nf4 10. Bf1 Ng6 11. Nc3 Bc6 12. Bb5 a6 13. Bxc6 Nxc6 14. Ne4 Be7
15. Bg5 f6 16. Bc1 Qd5 17. Nc3 Qf5 18. Qe2 e5 19. Qc4+ Rf7 20. d5 Na5 21. Qa4
b6 22. b4 Nb7 23. Qc6 Qc8 24. Bb2 b5 25. Ne4 Bd6 26. Qc3 Nf4 27. Rad1 Qg4 28.
Ng3 a5 29. h3 axb4 30. Qd2 Nxh3+ 31. gxh3 Qxf3 32. axb4 Qf4 33. Re4 Qxd2 34.
Rxd2 f5 35. Ree2 Bxb4 36. Rd1 e4 37. Nf1 Nd6 38. Ra1 Rxa1 39. Bxa1 f4 40. c3
Bc5 41. Ra2 e3 42. fxe3 fxe3 43. Kg2 Rf5 44. Re2 Nc4 45. Ng3 Rxd5 46. Ne4 Bb6
0-1

[Event "Excelsior January U1900"]
[Site "Toronto CAN"]
[Date "2023.01.07"]
[Round "2.14"]
[White "Momic, Jovan"]
[Black "Zhong, April"]
[Result "1/2-1/2"]
[WhiteElo "1816"]
[BlackElo "1671"]
[PlyCount "181"]
[EventDate "2023.01.06"]
[EventType "swiss"]
[EventRounds "5"]
[EventCountry "CAN"]

1. d4 d5 2. c4 dxc4 3. e3 Nf6 4. Bxc4 e6 5. Nf3 a6 6. a4 c5 7. O-O Nc6 8. Nc3
Qc7 9. h3 Bd6 10. b3 O-O 11. Bb2 Rd8 12. Qe2 b6 13. Rfd1 Bb7 14. Rac1 Re8 15.
d5 exd5 16. Nxd5 Nxd5 17. Bxd5 Rad8 18. Ng5 Ne5 19. Qh5 h6 20. Bxe5 Bxd5 21.
Rxd5 Bxe5 22. Rxd8 Rxd8 23. Nf3 Bb2 24. Rb1 Bc3 25. Qf5 Qd6 26. g4 Qd5 27. Qxd5
Rxd5 28. Kf1 Kf8 29. Ke2 Ke7 30. Rc1 Bb4 31. Rc4 f6 32. h4 Kf7 33. Rf4 g5 34.
hxg5 hxg5 35. Re4 Rd6 36. Rc4 Ke6 37. Rc2 Kd5 38. Nh2 Ke5 39. Nf1 b5 40. axb5
axb5 41. Ng3 Rc6 42. Nf5 c4 43. Nd4 Rc5 44. bxc4 bxc4 45. f3 Rc7 46. Rb2 Bc5
47. Rb5 Kd6 48. Nf5+ Kc6 49. Rb8 Rd7 50. Ra8 c3 51. Rc8+ Kd5 52. Kd3 Bb4 53.
Kc2 Ra7 54. Kb3 Ba5 55. Rb8 Rc7 56. Rb5+ Rc5 57. Ne7+ Kd6 58. Rxc5 Kxc5 59. Ng8
Kd6 60. Nxf6 Bb6 61. Ne4+ Ke5 62. Kxc3 Bxe3 63. Kd3 Kf4 64. Nxg5 Bb6 65. Ne6+
Kxf3 66. g5 Be3 67. Nd4+ Kf2 68. g6 Bh6 69. Ke4 Bg7 70. Nf5 Bh8 71. Kf4 Bc3 72.
Kg5 Kf3 73. Ne7 Bg7 74. Nf5 Bc3 75. Nd6 Bh8 76. Kf5 Kg3 77. Ke6 Kg4 78. Kf7 Kg5
79. Ne8 Kh6 80. Nf6 Kg5 81. Nh7+ Kf5 82. Nf8 Kg5 83. Kg8 Bc3 84. Kh7 Bb2 85.
Ne6+ Kf5 86. Ng7+ Kf6 87. Ne8+ Ke7 88. Nc7 Kf8 89. Ne6+ Ke7 90. g7 Bxg7 91.
Kxg7 1/2-1/2

[Event "Excelsior January U1900"]
[Site "Toronto CAN"]
[Date "2023.01.07"]
[Round "2.15"]
[White "Xu, Leon"]
[Black "Sirkovich, Daniel"]
[Result "0-1"]
[WhiteElo "1635"]
[BlackElo "1746"]
[PlyCount "86"]
[EventDate "2023.01.06"]
[EventType "swiss"]
[EventRounds "5"]
[EventCountry "CAN"]

1. e4 c6 2. d4 d5 3. exd5 cxd5 4. Bd3 Nc6 5. Nf3 Bg4 6. c3 Qc7 7. h3 Bh5 8.
Nbd2 e6 9. a4 Bd6 10. Qc2 Bg6 11. Qb1 Nge7 12. O-O O-O 13. Re1 h6 14. Nb3 Rfe8
15. Bd2 Rad8 16. Nh4 Bxd3 17. Qxd3 e5 18. Nf5 e4 19. Nxe7+ Nxe7 20. Qe2 Ng6 21.
g3 Re6 22. Rac1 Rf6 23. Be3 Ne7 24. Nd2 Nf5 25. Nf1 Rg6 26. Kh1 Bxg3 27. fxg3
Nxg3+ 28. Nxg3 Qxg3 29. Bg1 Qxh3+ 30. Bh2 Re8 31. Rg1 Ree6 32. Rxg6 Rxg6 33.
Rf1 Rg3 34. Rg1 Qh4 35. Rg2 g5 36. Kg1 f5 37. c4 f4 38. Qd1 Rd3 39. Qc1 e3 40.
cxd5 Qh3 41. Bxf4 e2 42. Bd2 Rf3 43. Rf2 Rg3+ 0-1

[Event "Excelsior January U1900"]
[Site "Toronto CAN"]
[Date "2023.01.07"]
[Round "3.10"]
[White "Ruchinskaya, Valerie"]
[Black "Lakhani, Riyaan"]
[Result "1-0"]
[WhiteElo "1688"]
[BlackElo "1867"]
[PlyCount "75"]
[EventDate "2023.01.06"]
[EventType "swiss"]
[EventRounds "5"]
[EventCountry "CAN"]

1. d4 Nf6 2. c4 g6 3. Nc3 Bg7 4. e4 d6 5. Be2 O-O 6. Be3 e5 7. d5 Ne8 8. g4 f5
9. gxf5 gxf5 10. Nf3 f4 11. Bd2 Bf6 12. Qc2 Kh8 13. O-O-O Nd7 14. Kb1 Rg8 15.
Rdg1 Rxg1+ 16. Rxg1 Nf8 17. Na4 Ng6 18. c5 Bh4 19. Be1 Bh3 20. Qb3 Rb8 21. Nxe5
Nxe5 22. Qxh3 Ng7 23. b3 Bf6 24. Bc3 Qe7 25. cxd6 cxd6 26. Qh6 Rf8 27. f3 Nxf3
28. Bxf3 Bxc3 29. Nxc3 Qe5 30. Ne2 Rc8 31. Qxf4 Qe7 32. Qg5 Qf7 33. Nd4 Rc3 34.
Nf5 Rxf3 35. Qxg7+ Qxg7 36. Nxg7 Rf4 37. Ne8 Rxe4 38. Nf6 1-0

[Event "Excelsior January U1900"]
[Site "Toronto CAN"]
[Date "2023.01.07"]
[Round "3.11"]
[White "Sirkovich, Daniel"]
[Black "Deepak, Laksshana"]
[Result "1-0"]
[WhiteElo "1746"]
[BlackElo "1669"]
[PlyCount "65"]
[EventDate "2023.01.06"]
[EventType "swiss"]
[EventRounds "5"]
[EventCountry "CAN"]

1. e4 c5 2. Nf3 d6 3. d4 cxd4 4. Nxd4 Nf6 5. Nc3 a6 6. h3 e5 7. Nde2 Nc6 8. g4
h6 9. Bg2 b5 10. Be3 Bb7 11. Ng3 g6 12. Qd2 Na5 13. b3 Qc7 14. Nd5 Bxd5 15.
exd5 Nb7 16. O-O h5 17. g5 Nd7 18. a4 bxa4 19. Rxa4 a5 20. Rfa1 Be7 21. b4 Bd8
22. Ne4 Ke7 23. R4a3 Nb6 24. Rc3 Qb8 25. Rc6 Nc8 26. f4 Na7 27. fxe5 dxe5 28.
d6+ Kf8 29. b5 Nc8 30. Qd5 Kg7 31. Qxe5+ Kh7 32. Bd4 Rg8 33. Rf1 1-0

[Event "Excelsior January U1900"]
[Site "Toronto CAN"]
[Date "2023.01.07"]
[Round "3.12"]
[White "Sreekumar, Gauri"]
[Black "Tran, Dennis"]
[Result "1/2-1/2"]
[WhiteElo "1577"]
[BlackElo "1865"]
[PlyCount "57"]
[EventDate "2023.01.06"]
[EventType "swiss"]
[EventRounds "5"]
[EventCountry "CAN"]

1. d4 d5 2. c4 c6 3. Nf3 Nf6 4. g3 e6 5. Bg2 Nbd7 6. O-O dxc4 7. Qc2 Bd6 8.
Qxc4 O-O 9. Nc3 h6 10. e4 e5 11. Rd1 Qe7 12. dxe5 Nxe5 13. Nxe5 Bxe5 14. Be3
Be6 15. Bc5 Qc7 16. Qe2 Rfe8 17. Qc2 b6 18. Ba3 Rad8 19. Ne2 Bg4 20. f3 Bh5 21.
Rac1 Rxd1+ 22. Rxd1 Rd8 23. Rxd8+ Qxd8 24. Qxc6 Qd1+ 25. Kf2 Bd4+ 26. Nxd4
Qxd4+ 27. Kf1 Qd1+ 28. Kf2 Qd4+ 29. Kf1 1/2-1/2

[Event "Excelsior January U1900"]
[Site "Toronto CAN"]
[Date "2023.01.07"]
[Round "3.13"]
[White "Gao, Heye"]
[Black "Zhong, April"]
[Result "0-1"]
[WhiteElo "1671"]
[BlackElo "1649"]
[PlyCount "178"]
[EventDate "2023.01.06"]
[EventType "swiss"]
[EventRounds "5"]
[EventCountry "CAN"]

1. e4 e6 2. d4 d5 3. e5 c5 4. c3 Nc6 5. Nf3 Bd7 6. Bd3 cxd4 7. cxd4 Qb6 8. O-O
Nxd4 9. Nbd2 Nc6 10. Nb3 Nge7 11. Re1 Ng6 12. Be3 Qc7 13. Rc1 Be7 14. Nc5 O-O
15. Qb3 Rab8 16. Bxg6 hxg6 17. Ng5 Qc8 18. Bf4 b6 19. Nxd7 Qxd7 20. Qh3 Bxg5
21. Bxg5 Rbc8 22. Qh4 d4 23. Rcd1 d3 24. Re3 Qd4 25. Qxd4 Nxd4 26. Rexd3 Nc6
27. Bf4 Ne7 28. Rd7 Nd5 29. Be3 Nxe3 30. fxe3 Rc2 31. Rxa7 Rxb2 32. a4 Rc8 33.
g4 Rcc2 34. h3 Rg2+ 35. Kf1 Rh2 36. Kg1 Rxh3 37. Rd8+ Kh7 38. Rxf7 Rxe3 39. Rf2
Rxf2 40. Kxf2 Rxe5 41. Rd6 Re4 42. Rxb6 Rxa4 43. Kf3 e5 44. Re6 Rf4+ 45. Kg3
Re4 46. Kf3 Re1 47. g5 Kg8 48. Kf2 Kf7 49. Rd6 Rb1 50. Ra6 Rb4 51. Kf3 Ke7 52.
Rxg6 Kf7 53. Ra6 Rd4 54. g6+ Ke7 55. Ke3 Rd6 56. Ra5 Kf6 57. Ke4 Rd4+ 58. Ke3
Kf5 59. Rb5 Rg4 60. Rb7 Rxg6 61. Rf7+ Ke6 62. Rf8 Rf6 63. Rg8 g6 64. Ke4 Rf4+
65. Ke3 Kf5 66. Rf8+ Kg4 67. Re8 Rf5 68. Ke4 g5 69. Rg8 Rf4+ 70. Kxe5 Ra4 71.
Rg7 Ra5+ 72. Ke4 Kg3 73. Ke3 g4 74. Ke2 Rf5 75. Rg6 Kh3 76. Ke3 g3 77. Rh6+ Kg2
78. Ke2 Kg1 79. Rg6 Kg2 80. Rg8 Re5+ 81. Kd3 Kf2 82. Rf8+ Kg1 83. Rg8 g2 84.
Kd4 Re2 85. Kd3 Kf1 86. Rg5 Rf2 87. Ra5 g1=Q 88. Ra1+ Kg2 89. Rxg1+ Kxg1 0-1

[Event "Excelsior January U1900"]
[Site "Toronto CAN"]
[Date "2023.01.07"]
[Round "3.14"]
[White "Momic, Jovan"]
[Black "Ugodnikov, Arkadiy"]
[Result "0-1"]
[WhiteElo "1816"]
[BlackElo "1679"]
[PlyCount "70"]
[EventDate "2023.01.06"]
[EventType "swiss"]
[EventRounds "5"]
[EventCountry "CAN"]

1. d4 Nf6 2. c4 e5 3. dxe5 Ng4 4. Nf3 Bc5 5. e3 Nc6 6. a3 a5 7. Be2 Ngxe5 8.
Nc3 O-O 9. O-O Re8 10. Bd2 d6 11. Nd5 Nxf3+ 12. Bxf3 Ne5 13. Be2 c6 14. Nf4 Bf5
15. b4 Bb6 16. Bc3 Qe7 17. Kh1 Ng6 18. Nh5 f6 19. Qb3 a4 20. Qb2 Rf8 21. Rad1
Ne5 22. Rd2 Be6 23. Rfd1 Bc7 24. Rd4 d5 25. Nf4 Nxc4 26. Qc1 b5 27. Nxe6 Qxe6
28. Bf3 Rad8 29. Rh4 Be5 30. Qc2 f5 31. g4 Bxc3 32. Qxc3 Qf6 33. Rd4 Qxh4 34.
Kg2 Qf6 35. Rxc4 dxc4 0-1

[Event "Excelsior January U1900"]
[Site "Toronto CAN"]
[Date "2023.01.08"]
[Round "4.10"]
[White "Sreekumar, Gauri"]
[Black "Ruchinskaya, Valerie"]
[Result "0-1"]
[WhiteElo "1577"]
[BlackElo "1688"]
[PlyCount "80"]
[EventDate "2023.01.06"]
[EventType "swiss"]
[EventRounds "5"]
[EventCountry "CAN"]

1. d4 d5 2. c4 c6 3. Nf3 Nf6 4. Nc3 dxc4 5. e4 b5 6. e5 Nd5 7. a4 Nxc3 8. bxc3
e6 9. Be2 Bb7 10. O-O Nd7 11. Bg5 Qc7 12. Qd2 a6 13. Rfb1 Nb6 14. Qb2 Rb8 15.
Ne1 Nd5 16. Bf3 Ne7 17. Nc2 h6 18. Bc1 Nd5 19. g3 Bc8 20. Ne3 Nxe3 21. Bxe3 a5
22. axb5 cxb5 23. Qa2 a4 24. Bc1 Bd7 25. Ba3 Bc6 26. Bxf8 Rxf8 27. Bxc6+ Qxc6
28. Rb4 Kd7 29. Qb2 Qa6 30. Ra2 Kc7 31. Ra1 Rb6 32. Ra2 Qb7 33. Ra1 f6 34. Qe2
Qd5 35. Qg4 g5 36. f4 Qe4 37. Rab1 fxe5 38. dxe5 Rd8 39. Kf2 Rd2+ 40. Kf1 Qh1#
0-1